World Cup Winners and Hosts - Statistics

General Stats
  • This quiz has been taken 199 times
  • The average score is 30 of 44
Answer Stats
Answer % Correct
Uruguay
97%
Uruguay
94%
Italy
81%
Qatar
80%
France
79%
Brazil
77%
England
77%
Russia
77%
South Africa
77%
Brazil
76%
Germany
76%
Italy
76%
Brazil
75%
France
75%
Italy
75%
Spain
75%
Argentina
73%
Brazil
73%
Brazil
72%
Japan
72%
West Germany
72%
South Korea
71%
Uruguay
71%
Argentina
70%
Brazil
70%
Germany
70%
Italy
70%
England
69%
France
69%
West Germany
68%
West Germany
66%
Italy
65%
USA
61%
Argentina
56%
Mexico
56%
Italy
54%
West Germany
54%
Brazil
52%
Sweden
52%
Spain
50%
Switzerland
48%
Mexico
47%
France
46%
Chile
40%
No matching quizzes found
Score Distribution
Percent of People with Each Score
Percentile by Number Answered
Your Score History
You have not taken this quiz